01013nas a2200229Ia 4500001001100000003000900011008004100020040001300061040001300074041001300087100005400100210001200154222001200166245013100178250001100309260002200320501008600342300002000428362003000448500026200478650004300740R142/B7047IT-RoPAU151124c99999999xx |||||||||||| ||und|| aIT-RoPAU cIT-RoPAU aFRANCESE aChalvon-Demersay SabinegCodice Aut. SPICS: 43435 aRESEAUX aReseaux aRESEAUX, N.058 (MARZO/APRILE 1993)bDisparition Du Sujet Heroique (La): Une Lecture Sociologique De Mille Projets De Telefilms a1a ed. aPARISbCNETc1993 bPaulus - SPICS - Società San Paolo EM (non-commercial uses only)cCopyright2015 a24 p. [133-156] aN.058 (MARZO/APRILE 1993) aScomparsa del Soggetto Eroico: una Lettura Sociologica di Mille Progetti di Telefilms. Profili Professionali degli Autori dei Soggetti. Handicappati O la Passione della Bellezza. Immigrati e la Difficoltà dell'Esilio. Poliziotti e L'Impotenza Delle Istit aCOMUNICAZIONEvPUBBLICAZIONE PERIODICA